Základné smery koncepcie rozvoja národného podniku Zornica Bánovce nad Bebravou do roku 2000 so zreteľom na ľudský faktor teoretické prístupy

Saved in:
Bibliographic Details
Main Author: Kušnierová, Anna
Corporate Author: Vysoká škola ekonomická v Bratislave
Other Authors: Vincúr, Pavol
Format: Book
Language:Slovak
Published: Bratislava 1988
Tags: Add Tag
No Tags, Be the first to tag this record!

MARC

LEADER 00000nam a2200000 4500
001 c038038
005 20260108081105.2
041 0 |a slo 
044 |a SK 
245 1 0 |a Základné smery koncepcie rozvoja národného podniku Zornica Bánovce nad Bebravou do roku 2000 so zreteľom na ľudský faktor  |b teoretické prístupy  |c Anna Kušnierová ; ved. práce Pavol Vincúr 
264 1 |a Bratislava  |c 1988 
300 |a 51 s. 
100 1 |a Kušnierová, Anna 
700 1 |a Vincúr, Pavol 
710 2 |a Vysoká škola ekonomická v Bratislave